Человек и социальное развитие: вопрсы и ответы; справочник

Podrobná bibliografie
Další autoři: Авешников М. М., Боков А. Я., Кириченко Н. В.
Jazyk:ruština
Vydáno: Москва, Политиздат, 1989
Témata:
Médium: MixedMaterials Kniha
KOHA link:https://koha.lib.tpu.ru/cgi-bin/koha/opac-detail.pl?biblionumber=214250

MARC

LEADER 00000nam0a2200000 4500
001 214250
005 20231031193520.0
010 |a 5250009867 
020 |a RU  |b 89-81728 
035 |a (RuTPU)RU\TPU\book\234111 
090 |a 214250 
100 |a 20120420d1989 m a0rusy5003 ca 
101 0 |a rus 
102 |a RU 
105 |a y z 000zy 
200 1 |a Человек и социальное развитие  |e вопрсы и ответы   |e справочник  |f М. М. Авешников [и др.] 
210 |a Москва  |c Политиздат  |d 1989 
215 |a 319,[1] с.  |d 17 см 
610 1 |a социальное развитие 
610 1 |a СССР 
610 1 |a человек 
610 1 |a справочники 
610 1 |a экономический рост 
686 |a А550.7  |2 rubbk 
686 |a С55.47  |2 rubbk 
701 1 |a Авешников  |b М. М. 
701 1 |a Боков  |b А. Я. 
701 1 |a Кириченко  |b Н. В. 
701 1 |a Авешников  |b М. М. 
801 0 |a RU  |b RuMRKP  |c 19950417  |g psbo 
801 1 |a RU  |b 63413507  |c 20120420 
801 2 |a RU  |b 63413507  |c 20120424  |g RCR 
942 |c BK